000 00471nam a22001817a 4500
999 _c2825
_d2825
003 OSt
005 20181018200204.0
008 181018b ||||| |||| 00| 0 eng d
020 _a8172144407
040 _cDLC
082 _a223
_bV694R
100 _aVijaya Rao, K. Michael
245 _a Relevance of Ecclesiastes /
_cBy K. Michael Vijaya Rao.
260 _aNew Delhi :
_bISPCK,
_cc1998.
300 _a62 p.:
650 _aComparision Based Relevancy
942 _2ddc
_cBK